000 00592cam a22002171 4500
001 sa 65006623
003 DLC
005 20260227112143.0
008 850918s1963 io 000 0 ind
010 _asa 65006623
025 _aPL480:Indo-1477
035 _a(OCoLC)12572301
040 _aDLC
_cKyU
_dKyU
_dDLC
042 _apremarc
050 0 0 _aLA2385.D4
_bT3
100 1 _aTauchid, Mochammad.
245 1 0 _aPerdjuangan dan adjaran hidup Ki Hadjar Dewantara.
260 _aJogjakarta,
_bMadjelis Luhur Taman Siswa,
_c1963.
300 _a68 p.
_c22 cm.
600 1 0 _aDewantara, Hadjar.
999 _c64751
_d64751